| 000 | 00772nam a2200241 a 4500 | ||
|---|---|---|---|
| 005 | 20240228063954.0 | ||
| 008 | 081126s1996 es r 000 0 spa d | ||
| 020 | _a8431638915 | ||
| 035 | _aUPN01000168235 | ||
| 049 | _aI | ||
| 050 | 4 |
_aPZ76.3 _bB4.44 |
|
| 100 | 1 | _aBernaus, C. | |
| 245 | 1 | 3 |
_aEl libro de Epo : _blibro de lectura / _cC. Bernaus, C., Martín, D. Rius. ; il. M. Aránega. |
| 260 |
_aBarcelona, Esp. : _bVicens Vives, _c1996. |
||
| 300 |
_a48 p. : _bprincipalmente il. col. |
||
| 440 | 0 | _aEducación infantil | |
| 650 | 0 |
_aAnimales _vCuentos y leyendas _9234 |
|
| 650 | 4 |
_aLibros y lectura para niños _92290 |
|
| 700 | 1 |
_aMartín, C., _ecoaut. |
|
| 700 | 1 |
_aRius, D., _ecoaut. |
|
| 700 | 1 |
_aArànega, Mercè, _d1948- _eil. _933418 |
|
| 905 | _aInfantil | ||
| 999 |
_c140342 _d140342 |
||